000 00265nam a22001097a 4500
082 _a910
100 _aTrivedi, Sumit
_980255
245 _aElements of Ancient Indian Temple Culture
260 _aDelhi
_bTejasvi Pub
_c2018
650 _aTemple
_980256
942 _cBK
999 _c63674
_d63674